On Market street / (Record no. 113623)
[ view plain ]
| 000 -LEADER | |
|---|---|
| fixed length control field | 00473nam a2200181 a 4500 |
| 001 - CONTROL NUMBER | |
| control field | 4106 |
| 005 - DATE AND TIME OF LATEST TRANSACTION | |
| control field | 20140414132031.0 |
| 008 - FIXED-LENGTH DATA ELEMENTS--GENERAL INFORMATION | |
| fixed length control field | 090126s19uu xx 00 eng d |
| 020 ## - INTERNATIONAL STANDARD BOOK NUMBER | |
| International Standard Book Number | 0-590-41004-0 |
| 050 ## - LIBRARY OF CONGRESS CALL NUMBER | |
| Classification number | TR |
| Item number | ON5 1981 |
| 100 ## - MAIN ENTRY--PERSONAL NAME | |
| Personal name | Lobel, Anita |
| 245 ## - TITLE STATEMENT | |
| Title | On Market street / |
| Statement of responsibility, etc | pictures by Anita Lobel ; words by Arnold Lobel. |
| 260 ## - PUBLICATION, DISTRIBUTION, ETC. (IMPRINT) | |
| Place of publication, distribution, etc | New York : |
| Name of publisher, distributor, etc | Scholastic, |
| Date of publication, distribution, etc | c1981. |
| 700 ## - ADDED ENTRY--PERSONAL NAME | |
| Personal name | Lobel, Arnold |
| Withdrawn status | Lost status | Damaged status | Use restrictions | Home library | Current library | Shelving location | Date acquired | Source of acquisition | Cost, normal purchase price | Total Checkouts | Full call number | Barcode | Date last seen | Price effective from | Koha item type |
|---|---|---|---|---|---|---|---|---|---|---|---|---|---|---|---|
| Munich Library | Munich Library | Teachers Reference Section | 01/26/2009 | 160.00 | TR ON5 1981 | M5222 | 04/14/2014 | 04/14/2014 | Books | ||||||
| Munich Library | Munich Library | Teachers Reference Section | 02/05/2009 | 160.00 | TR ON5 1981 | M5218 | 04/14/2014 | 04/14/2014 | Books | ||||||
| Munich Library | Munich Library | Teachers Reference Section | 03/16/2011 | 160.00 | TR ON5 1981 | M5240 | 04/14/2014 | 04/14/2014 | Books |